| 000 | 01175cam a2200265 4500 | ||
|---|---|---|---|
| 001 | ##L134881 | ||
| 008 | 060907n2004 000 0 eng u | ||
| 020 | _a190328726X | ||
| 035 | _a(Sirsi) u134881 | ||
| 041 | 0 | _aeng | |
| 050 | 0 | 4 | _a697 $2 18 |
| 110 | 2 |
_aChartered Institution of Building Services Engineers _92360 |
|
| 245 | 0 | 0 |
_aElectricity in buildings _b CIBSE guide K |
| 260 |
_aLondon _bCIBSE _c2004 |
||
| 300 |
_a1v. _bill. _c30cm. |
||
| 350 | _a86 | ||
| 490 | 0 |
_aCIBSE Guide _vK |
|
| 505 | 2 | _aIntroduction -- Legislation and standards -- Load assessment -- Power supplies -- High voltage distribution -- Transformers -- Low voltage switchgear and distribution -- Building wiring systems -- Uninterruptible power supplies -- Earthing -- Electromagnetic compatability -- Inspection, testing, operation and maintenance | |
| 520 | _aAimed at those commissioning, designing or installing electrical systems, this guide provides guidance on legislation and standards as well as the practicalities of such systems. | ||
| 590 | _aIKA171006 | ||
| 651 | 4 |
_aUnited Kingdom _y |
|
| 690 |
_aBlock management _96220 |
||
| 700 | 1 |
_aButcher, Ken _eEditor |
|
| 942 | _n0 | ||
| 999 |
_c105829 _d105829 |
||